| 000 | 00000cam 2200000zi 4500 |
| 001 | 9.963272 |
| 003 | CaOODSP |
| 005 | 20260603091819 |
| 006 | m o d f |
| 007 | cr |n||||||||| |
| 008 | 260603s1977 oncd obs f000 0 fre d |
| 040 | |aCaOODSP|bfre|erda|cCaOODSP |
| 043 | |an-cn--- |
| 086 | 1 |aJS22-78/1977F-PDF |
| 245 | 03|aLa femme délinquante - statistiques choisies : |brapport du Comité consultatif national sur la Femme délinquante. |
| 264 | 1|a[Ottawa] : |bSolliciteur général Canada = Solicitor General Canada, |cprintemps 1977. |
| 300 | |a1 ressource en ligne (34, [2] pages) : |bgraphiques |
| 336 | |atexte|btxt|2rdacontent/fre |
| 337 | |ainformatique|bc|2rdamedia/fre |
| 338 | |aressource en ligne|bcr|2rdacarrier/fre |
| 500 | |aPublié aussi en anglais sous le titre : The female offender - selected statistics : : report of the National Advisory Committee on the Female Offender. |
| 500 | |aÉdition numérisée de l'imprimé [par Sécurité publique Canada]. |
| 504 | |aComprend des références bibliographiques. |
| 650 | 6|aCriminelles|zCanada|vStatistiques. |
| 655 | 7|aStatistiques|2rvmgf |
| 710 | 1 |aCanada. |bSolliciteur général Canada, |eorganisme de publication. |
| 775 | 08|tThe female offender - selected statistics : |w(CaOODSP)9.958082 |
| 856 | 40|qPDF|s1.57 Mo|uhttps://publications.gc.ca/collections/collection_2026/sp-ps/JS22-78-1977-fra.pdf |